00354nam a2200145Ia 4500008004100000020001800041041000800059082001500067100001900082245003800101250000600139260003300145300001000178650002000188210716s2009 xx 000 0 und d a9788174467386 aeng a174.4 HUNS aHundekar, S G. aBusiness ethics and human values. a1 aNew DelhibExcel Booksc2009 ax,242 aBusiness Ethics